| 000 | 00706nam a22002177a 4500 | ||
|---|---|---|---|
| 003 | OSt | ||
| 005 | 20250725061123.0 | ||
| 008 | 250725b |||||||| |||| 00| 0 eng d | ||
| 020 | _a978-621-04-5060-6 | ||
| 040 |
_aDWC-Main Lib _cOC |
||
| 082 | _aFil. 510 B711h 2024 | ||
| 100 | _aBondoc, John Mark Flores | ||
| 245 |
_aHistory of mathematics/ _cJohn Mark Flores Bondoc |
||
| 250 | _aFirst Edition | ||
| 260 |
_aSampaloc, Manila, Philippines: _bRex Bookstore, _cc2024. |
||
| 300 |
_axi, 139 pages : _billustrations ; _c25cm. |
||
| 504 | _aIncludes bibliographical references. | ||
| 650 | _a1. Foundation of mathematics. | ||
| 650 | _a2. Mathematics. | ||
| 942 |
_2ddc _cBK - FIL _eFirst Edition _kFil. _n0 |
||
| 999 |
_c3819 _d3819 |
||